අපේ කාලයේ පියසටහන් : කෙටිකතා එකතුව /
Ape kalaye piya satahan
Saved in:
| Main Author: | |
|---|---|
| Format: | Book |
| Published: |
[තැ. නො.] :
[ප්ර. නො.],
2024.
|
| Subjects: | |
| Tags: |
Add Tag
No Tags, Be the first to tag this record!
|
MARC
| LEADER | 00000nam a2200000 4500 | ||
|---|---|---|---|
| 003 | LK-CoNLD | ||
| 005 | 20251126110504.0 | ||
| 008 | 240924b |||||||| |||| 00| 0 ||| d | ||
| 015 | |2 slnb |a slnb202409 | ||
| 017 | |a 496110 |b LK-CoDNA | ||
| 020 | |a 9786249332515 | ||
| 040 | |a LK-CoNLD |b SIN |c LK-CoNLD |d LK-CoNLD | ||
| 082 | |2 23 |q LK-CoNLD |a 891.483 | ||
| 100 | |a සිරිවර්ධන, පන්තක භාතිය |9 86519 | ||
| 245 | |a අපේ කාලයේ පියසටහන් : කෙටිකතා එකතුව / |c පන්තක භාතිය සිරිවර්ධන. |6 880-1 | ||
| 260 | |a [තැ. නො.] : |b [ප්ර. නො.], |c 2024. | ||
| 300 | |a පි. vi,220 ; |c සෙමී. 21. |b මැබැ-බෝක : රු. 900.00 | ||
| 650 | 0 | |a කෙටිකතා, සිංහල |9 1675 | |
| 650 | 0 | |a Short stories, Sinhalese |9 1676 | |
| 880 | |6 245-1 |a Ape kalaye piya satahan | ||
| 942 | |c BOOK | ||
| 945 | |a 18246 |b Chamari MUTHUMALI |c 18375 |d Vijani RODRIGO | ||
| 999 | |c 281789 |d 281789 | ||